LEADER 01205nam a2200265 i 4500 001 000000212877 003 CaOOAMICUS 005 20230414100342.0 008 120502s1880 fr u000 u fre u 040 $aSeMil$bita 100 1 $aMaistre, Xavier : de,$d<1763-1852>.$0(OLS)http://semarc/name/10794 240 10$aVoyage autour de ma chambre ; le Lépreux de la cité d'Aoste ; les Prisonniers du Caucase ; la Jeune Sibérienne.$0(OLS)http://semarc/title/307171 245 10$aOeuvres de Xavier de Maistre. 250 $aNouvelle édition revue et précédée d'un avant-propos. 260 $aBruxelles :$bJ. Albanel,$c1880. 260 $aParis :$bVictor Palmé,$c1880. 300 $aVIII, 337 p. ;$c18 cm. 700 1 $aVeuillot, Eugène,$d<1818-1905>.$0(OLS)http://semarc/name/75901 850 $aSeMil 852 $aSeMil$W1$xVenegono$y1$m1W I 146 FA$j163307$B163307$CSeMilBibl$Z2$F174417 $8I 961 $aRecupero: Altro 996 $6245$aOeuvres de Xavier de Maistre$9(OLS)http://semarc/title/307170 996 $6260$aParis :$bVictor Palmé$9(OLS)http://semarc/publisher/32015 996 $6260$aBruxelles :$bJ. Albanel$9(OLS)http://semarc/publisher/32016 LEADER 01197nam a2200241 i 4500 001 000000075699 003 CaOOAMICUS 005 20110427000000.0 008 110427s1993 it u000 u ita u 013 $a46871 040 $aSeMil$bita 100 1 $aBurgalassi, Silvano.$0(OLS)http://semarc/name/19954 245 12$aL'UNITALSI in cammino :$ble motivazioni socio-religiose dei pellegrinaggi unitalsiani /$cSilvano Burgalassi ; presentazione di S. E. Mons. Silvano Plotti Presidente nazionale UNITALSI. 260 $aPisa :$bETS,$ccopyr. 1993. 300 $a274 p., [1] c. di tav., [10] p. di tav. :$bgrafici, tabelle ;$c24 cm. 500 $aIn Appendice : Analisi del contenuto e interviste privilegiate ; [Questionari]. 650 4$aUNITALSI.$0(OLS)http://semarc/subject/8443 700 1 $aPlotti, Silvano .$0(OLS)http://semarc/name/37378 850 $aSeMil 852 $aSeMil$W1$xVenegono$y1$m3XO V 27$j41851$B41851$CSeMilBibl$Z2$F41855 $81 961 $aOmaggio: Donazione 996 $6245$aL'UNITALSI in cammino :$ble motivazioni socio-religiose dei pellegrinaggi unitalsiani$9(OLS)http://semarc/title/122758 996 $6260$aPisa :$bETS$9(OLS)http://semarc/publisher/31866